Economic Botony (Record no. 196583)

MARC details
000 -LEADER
fixed length control field 00356nam a2200157Ia 4500
100 ## - MAIN ENTRY--PERSONAL NAME
Personal name Economic Botony
245 ## - TITLE STATEMENT
Title Economic Botony
260 ## - PUBLICATION, DISTRIBUTION, ETC. (IMPRINT)
Place of publication, distribution, etc New Delhi
260 ## - PUBLICATION, DISTRIBUTION, ETC. (IMPRINT)
Name of publisher, distributor, etc Economic Botony
650 ## - SUBJECT ADDED ENTRY--TOPICAL TERM
Topical term or geographic name as entry element Economic Botony
942 ## - ADDED ENTRY ELEMENTS (KOHA)
Koha item type Bound Volumes
942 ## - ADDED ENTRY ELEMENTS (KOHA)
Source of classification or shelving scheme Dewey Decimal Classification
100 ## - MAIN ENTRY--PERSONAL NAME
-- Compiler
Holdings
Lost status Source of classification or shelving scheme Damaged status Not for loan Home library Current library Date acquired Serial Enumeration / chronology Total Checkouts Full call number Barcode Date last seen Koha item type
  Dewey Decimal Classification     College of Agriculture, Vellanikkara College of Agriculture, Vellanikkara 28/02/2022 Vol.54(1-4)2000   330 EP BV-4365 16/09/2015 Bound Volumes
  Dewey Decimal Classification     College of Agriculture, Vellanikkara College of Agriculture, Vellanikkara 25/04/2016 Vol.55(1-4)2001   330 EP BV-4366 25/04/2016 Bound Volumes
Kerala Agricultural University Central Library
Thrissur-(Dt.), Kerala Pin:- 680656, India
Ph : (+91)(487) 2372219
E-mail: librarian@kau.in
Website: http://library.kau.in/